000 00969nam a2200265Ia 4500
003 OSt
005 20220923211237.0
006 a|||||r|||| 00| 0
007 ta
008 220922b |||||||| |||| 00| 0 hin d
020 _a9788173096068 (hbk)
_c250
024 _a274,048
037 _b23062, 16/08/2013, Kitab Ghar
_cTextual
040 _aARTS
_cARTS
_bhin
041 _2hin
_ahin
082 _aO152,3N40,LR, Q2
100 _aदेवसरे, हरिकृष्ण
_9156292
245 0 _aलूशिएन का रहस्य
246 _aLūshien kā rahasya
260 _aनई दिल्ली
_b सस्ता साहित्य मण्डल प्रकाशन
_c2012
300 _a203पृ.
_ccm.
650 _aहिन्दी साहित्य
_9156264
942 _hO152,3N40,LR, Q2
_cTEXL
_2CC
999 _c297532
_d297532